000 00623nam a2200241Ia 4500
003 OSt
005 20220918214425.0
006 a|||||r|||| 00| 0
007 ta
008 220917b |||||||| |||| 00| 0 eng d
024 _a137,447
037 _cTextual
040 _aARTS
_cARTS
_beng
041 _2eng
_aeng
082 _aXM2.2w, M5
100 _aSingh Usha
_9131302
245 0 _aEconomic thought of Indian socialists
260 _aNew Delhi
_bDeep and Deep
_c1985
300 _a260p.
_ccm.
650 _aECONOMICS
942 _hXM2.2w, M5
_cTEXL
_2CC
999 _c260528
_d260528